00357nam a2200157Ia 45000010006000000050017000060080041000230410008000640820017000721000032000892450025001212600009001463000028001556500008001836540008001911125920260306161933.0260306t1986||||xx |||||||||||||| ||spa|| aESP a985.02bC243 aCieza de León, PedroeAUT 0aCrónica del Perú c1986 a361 páginas :c20 cm. aGEN aCHU